| 000 | 00468nam a2200169Ia 4500 | ||
|---|---|---|---|
| 003 | RNL | ||
| 005 | 20250704105321.0 | ||
| 008 | 090707b ii f a fnsan d | ||
| 020 | _a8120801857 | ||
| 040 | _aRCL | ||
| 082 | _a820.9A V44B | ||
| 100 |
_aVaudeville, Charlotte _928669 |
||
| 245 |
_aBarahmasa in India Literatures: _bSongs of the twelve months in Indo-Aryan literatures |
||
| 260 |
_aDelhi: _bMotilal Banarsidass, _c1986. |
||
| 300 | _a139p. | ||
| 942 | _cBK | ||
| 999 |
_c18594 _d18594 |
||